[Event "33ème Open International d'Avoine"]
[Site "Avoine"]
[Date "2018.07.21"]
[Round "3.9"]
[White "Plessis, Arnaud"]
[Black "Mazzella, Enzo"]
[Result "0-1"]
[WhiteElo "2073"]
[BlackElo "2273"]
[PlyCount "152"]
[EventDate "2018.??.??"]

1. e4 {[%emt 0:00:00]} e5 {[%emt 0:10:07]} 2. Nf3 {[%emt 0:00:03]} Nc6 {
[%emt 0:00:04]} 3. Bb5 {[%emt 0:00:04]} a6 {[%emt 0:00:12]} 4. Ba4 {
[%emt 0:00:04]} Nf6 {[%emt 0:00:04]} 5. d3 {[%emt 0:00:03]} b5 {[%emt 0:00:39]}
6. Bb3 {[%emt 0:00:04]} Bb7 {[%emt 0:03:20]} 7. Nc3 {[%emt 0:03:00]} Be7 {
[%emt 0:01:58]} 8. O-O {[%emt 0:03:07]} d6 {[%emt 0:00:26]} 9. Nd5 {
[%emt 0:00:47]} Na5 {[%emt 0:08:21]} 10. Nxe7 {[%emt 0:01:30]} Nxb3 {
[%emt 0:01:23]} 11. axb3 {[%emt 0:00:11]} Qxe7 {[%emt 0:00:06]} 12. Nh4 {
[%emt 0:14:44]} O-O {[%emt 0:09:47]} 13. Bg5 {[%emt 0:14:11]} h6 {
[%emt 0:07:31]} 14. Nf5 {[%emt 0:03:11]} Qe6 {[%emt 0:00:56]} 15. Be3 {
[%emt 0:11:42]} d5 {[%emt 0:01:26]} 16. f3 {[%emt 0:02:14]} Ne8 {[%emt 0:10:37]
} 17. Qe1 {[%emt 0:11:37]} Nd6 {[%emt 0:08:46]} 18. g4 {[%emt 0:04:41]} Nxf5 {
[%emt 0:00:32]} 19. gxf5 {[%emt 0:01:32]} Qf6 {[%emt 0:00:35]} 20. Qg3 {
[%emt 0:03:12]} Kh7 {[%emt 0:02:27]} 21. f4 {[%emt 0:00:56]} exf4 {
[%emt 0:02:02]} 22. Bxf4 {[%emt 0:03:22]} dxe4 {[%emt 0:01:15]} 23. Be5 {
[%emt 0:01:11]} Qg5 {[%emt 0:01:33]} 24. Qxg5 {[%emt 0:04:36]} hxg5 {
[%emt 0:00:27]} 25. dxe4 {[%emt 0:00:05]} f6 {[%emt 0:01:31]} 26. Bd4 {
[%emt 0:06:03]} Bxe4 {[%emt 0:01:24]} 27. c3 {[%emt 0:00:06]} Rfe8 {
[%emt 0:01:16]} 28. b4 {[%emt 0:01:14]} Bd3 {[%emt 0:02:53]} 29. Rf2 {
[%emt 0:06:17]} Re4 {[%emt 0:01:46]} 30. Kg2 {[%emt 0:00:53]} Bc4 {
[%emt 0:02:46]} 31. Kg3 {[%emt 0:01:05]} Bd5 {[%emt 0:00:37]} 32. Rff1 {
[%emt 0:01:35]} Re2 {[%emt 0:03:05]} 33. Rf2 {[%emt 0:00:07]} Re4 {
[%emt 0:01:28]} 34. Rff1 {[%emt 0:00:12]} Bb7 {[%emt 0:00:19]} 35. Rae1 {
[%emt 0:07:12]} Rae8 {[%emt 0:00:43]} 36. Rxe4 {[%emt 0:00:39]} Rxe4 {
[%emt 0:00:18]} 37. Rf2 {[%emt 0:00:07]} Re1 {[%emt 0:00:49]} 38. Rd2 {
[%emt 0:00:15]} Bc8 {[%emt 0:01:35]} 39. Rf2 {[%emt 0:06:18]} Kh6 {
[%emt 0:04:03]} 40. Rf3 {[%emt 0:01:15]} Re2 {[%emt 0:02:00]} 41. Rf2 {
[%emt 0:02:18]} Rxf2 {[%emt 0:00:37]} 42. Bxf2 {[%emt 0:00:11]} Bxf5 {
[%emt 0:00:09]} 43. Ba7 {[%emt 0:00:12]} Be4 {[%emt 0:00:37]} 44. Bb8 {
[%emt 0:00:22]} c6 {[%emt 0:00:08]} 45. Bd6 {[%emt 0:01:29]} Kg6 {
[%emt 0:01:43]} 46. Bf8 {[%emt 0:09:12]} Kf7 {[%emt 0:01:14]} 47. Bc5 {
[%emt 0:00:04]} Ke6 {[%emt 0:00:11]} 48. Kg4 {[%emt 0:00:13]} g6 {
[%emt 0:00:52]} 49. Bd4 {[%emt 0:00:24]} Bc2 {[%emt 0:00:11]} 50. Bb6 {
[%emt 0:03:26]} Bd1+ {[%emt 0:00:07]} 51. Kg3 {[%emt 0:00:04]} f5 {
[%emt 0:01:20]} 52. Bd8 {[%emt 0:00:06]} f4+ {[%emt 0:00:34]} 53. Kf2 {
[%emt 0:00:21]} Kf5 {[%emt 0:00:12]} 54. Ke1 {[%emt 0:01:05]} Bb3 {
[%emt 0:00:21]} 55. Ke2 {[%emt 0:00:26]} Bc4+ {[%emt 0:00:33]} 56. Kf3 {
[%emt 0:00:17]} Bd5+ {[%emt 0:00:04]} 57. Kf2 {[%emt 0:02:43]} g4 {
[%emt 0:06:43]} 58. Bc7 {[%emt 0:01:48]} Ke4 {[%emt 0:02:40]} 59. Bd6 {
[%emt 0:00:27]} Be6 {[%emt 0:00:17]} 60. Bc7 {[%emt 0:00:32]} f3 {
[%emt 0:00:21]} 61. Ke1 {[%emt 0:05:39]} Kd3 {[%emt 0:00:23]} 62. Bb6 {
[%emt 0:00:06]} Kc2 {[%emt 0:02:14]} 63. Bc5 {[%emt 0:04:01]} Kxb2 {
[%emt 0:00:50]} 64. Kd2 {[%emt 0:00:04]} Kb3 {[%emt 0:00:14]} 65. Bd4 {
[%emt 0:01:22]} Kc4 {[%emt 0:00:22]} 66. Bb6 {[%emt 0:01:05]} Bf5 {
[%emt 0:00:33]} 67. Be3 {[%emt 0:03:14]} a5 {[%emt 0:02:22]} 68. bxa5 {
[%emt 0:00:08]} c5 {[%emt 0:00:07]} 69. a6 {[%emt 0:00:38]} b4 {[%emt 0:00:13]}
70. a7 {[%emt 0:00:22]} Be4 {[%emt 0:00:18]} 71. cxb4 {[%emt 0:01:20]} cxb4 {
[%emt 0:00:09]} 72. Bg5 {[%emt 0:00:22]} Kb3 {[%emt 0:01:09]} 73. Be7 {
[%emt 0:00:39]} Ka4 {[%emt 0:03:35]} 74. Bc5 {[%emt 0:01:33]} b3 {
[%emt 0:00:28]} 75. Kc3 {[%emt 0:00:10]} f2 {[%emt 0:00:12]} 76. Bxf2 {
[%emt 0:00:15]} Ka3 {[%emt 0:07:26]} 0-1

[Event "33ème Open International d'Avoine"]
[Site "Avoine"]
[Date "2018.07.21"]
[Round "3.10"]
[White "Gao, Etienne"]
[Black "Mas, Victor"]
[Result "1-0"]
[WhiteElo "2249"]
[BlackElo "2006"]
[PlyCount "119"]
[EventDate "2018.??.??"]

1. e4 {[%emt 0:07:50]} e5 {[%emt 0:00:00]} 2. Nf3 {[%emt 0:00:00]} Nf6 {
[%emt 0:00:00]} 3. Nc3 {[%emt 0:00:00]} Nc6 {[%emt 0:00:20]} 4. Bb5 {
[%emt 0:00:07]} Bd6 {[%emt 0:04:47]} 5. O-O {[%emt 0:00:33]} O-O {
[%emt 0:00:09]} 6. d3 {[%emt 0:00:22]} h6 {[%emt 0:00:56]} 7. Ne2 {
[%emt 0:00:35]} a6 {[%emt 0:02:13]} 8. Ba4 {[%emt 0:00:25]} Re8 {[%emt 0:01:52]
} 9. Ng3 {[%emt 0:01:00]} Bf8 {[%emt 0:01:50]} 10. c3 {[%emt 0:01:16]} b5 {
[%emt 0:03:47]} 11. Bc2 {[%emt 0:00:51]} d6 {[%emt 0:05:12]} 12. Qe2 {
[%emt 0:02:21]} g6 {[%emt 0:07:09]} 13. Rd1 {[%emt 0:06:25]} Bg7 {
[%emt 0:02:13]} 14. h3 {[%emt 0:03:14]} Bb7 {[%emt 0:06:35]} 15. Qf1 {
[%emt 0:06:15]} Qe7 {[%emt 0:03:10]} 16. Bd2 {[%emt 0:02:36]} Nb8 {
[%emt 0:07:08]} 17. a4 {[%emt 0:03:15]} Nbd7 {[%emt 0:03:44]} 18. Re1 {
[%emt 0:19:58]} Qf8 {[%emt 0:07:22]} 19. d4 {[%emt 0:03:37]} c6 {[%emt 0:09:40]
} 20. Qd3 {[%emt 0:08:32]} Red8 {[%emt 0:12:17]} 21. Bb3 {[%emt 0:04:32]} Rab8
{[%emt 0:05:48]} 22. axb5 {[%emt 0:06:27]} axb5 {[%emt 0:00:02]} 23. Ra7 {
[%emt 0:05:11]} c5 {[%emt 0:01:35]} 24. Qb1 {[%emt 0:04:06]} c4 {[%emt 0:07:16]
} 25. Bc2 {[%emt 0:01:12]} Qe8 {[%emt 0:02:32]} 26. b3 {[%emt 0:04:17]} Nb6 {
[%emt 0:00:52]} 27. dxe5 {[%emt 0:02:06]} dxe5 {[%emt 0:00:09]} 28. Be3 {
[%emt 0:00:14]} Nc8 {[%emt 0:00:24]} 29. Ra5 {[%emt 0:01:30]} Ra8 {
[%emt 0:00:27]} 30. Rxa8 {[%emt 0:01:00]} Bxa8 {[%emt 0:00:00]} 31. bxc4 {
[%emt 0:01:02]} bxc4 {[%emt 0:00:00]} 32. Qa2 {[%emt 0:01:16]} Nd6 {
[%emt 0:02:04]} 33. Bc5 {[%emt 0:01:36]} Nb7 {[%emt 0:00:28]} 34. Bb4 {
[%emt 0:01:28]} Rc8 {[%emt 0:00:00]} 35. Qa7 {[%emt 0:01:03]} Bf8 {
[%emt 0:01:41]} 36. Ba4 {[%emt 0:03:35]} Qe6 {[%emt 0:00:00]} 37. Bxf8 {
[%emt 0:02:49]} Kxf8 {[%emt 0:00:00]} 38. Rb1 {[%emt 0:02:03]} Nc5 {
[%emt 0:02:18]} 39. Rb8 {[%emt 0:02:05]} Nxa4 {[%emt 0:01:30]} 40. Rxa8 {
[%emt 0:00:55]} Rxa8 {[%emt 0:01:21]} 41. Qxa8+ {[%emt 0:00:04]} Qe8 {
[%emt 0:00:04]} 42. Qa5 {[%emt 0:00:17]} Kg7 {[%emt 0:08:41]} 43. Nxe5 {
[%emt 0:01:01]} Nb2 {[%emt 0:00:25]} 44. Qc5 {[%emt 0:01:03]} Qe6 {
[%emt 0:01:56]} 45. Qd4 {[%emt 0:02:03]} h5 {[%emt 0:02:00]} 46. Nf1 {
[%emt 0:01:24]} Nd3 {[%emt 0:01:33]} 47. Nxd3 {[%emt 0:00:54]} cxd3 {
[%emt 0:00:05]} 48. Nd2 {[%emt 0:01:36]} Qd7 {[%emt 0:02:06]} 49. f3 {
[%emt 0:01:51]} Qb5 {[%emt 0:02:10]} 50. e5 {[%emt 0:04:24]} Nd5 {
[%emt 0:00:17]} 51. c4 {[%emt 0:02:29]} Qb6 {[%emt 0:00:00]} 52. Qxb6 {
[%emt 0:00:10]} Nxb6 {[%emt 0:00:01]} 53. Kf2 {[%emt 0:00:07]} Nd7 {
[%emt 0:00:38]} 54. f4 {[%emt 0:00:27]} f6 {[%emt 0:01:05]} 55. exf6+ {
[%emt 0:00:34]} Kxf6 {[%emt 0:00:16]} 56. Ke3 {[%emt 0:01:05]} Nc5 {
[%emt 0:00:02]} 57. g3 {[%emt 0:01:11]} g5 {[%emt 0:00:53]} 58. fxg5+ {
[%emt 0:00:25]} Kxg5 {[%emt 0:00:07]} 59. Kd4 {[%emt 0:00:06]} Ne6+ {
[%emt 0:00:48]} 60. Kxd3 {[%emt 0:00:06]} 1-0

[Event "33ème Open International d'Avoine"]
[Site "Avoine"]
[Date "2018.07.21"]
[Round "3.11"]
[White "Weibel, Theo"]
[Black "Sandu, Mihaela"]
[Result "0-1"]
[WhiteElo "1964"]
[BlackElo "2248"]
[PlyCount "94"]
[EventDate "2018.??.??"]

1. e4 c5 2. Nf3 a6 3. d4 cxd4 4. Nxd4 e5 5. Nb3 Nf6 6. Bg5 h6 7. Bxf6 Qxf6 8.
Be2 Qd8 9. O-O d6 10. c4 Be6 11. Nc3 Nd7 12. Nd5 Nf6 13. Nd2 Be7 14. Rc1 O-O
15. b4 a5 16. a3 axb4 17. axb4 Nxd5 18. exd5 Bf5 19. Ra1 Qb6 20. Qb3 Bg5 21.
Nf3 Bf6 22. Nd2 e4 23. Rxa8 Rxa8 24. Qe3 Qxb4 25. Nxe4 Be5 26. Ng3 Bc2 27. f4
Ra3 28. Qf2 Bf6 29. Nh5 Bd8 30. Kh1 Qd2 31. Ng3 Bf6 32. Qe1 Qe3 33. Rf3 Qa7 34.
Rxa3 Qxa3 35. Bf1 Kf8 36. Ne4 Bd4 37. Qe2 Bb1 38. Nd2 Bf5 39. Nf3 Bf6 40. Qf2
Qc1 41. Ng1 Qa1 42. Qe2 Bd4 43. Nf3 Bc5 44. Nd2 Qd4 45. Nf3 Qxf4 46. Qa2 Kg8
47. Qb2 Qe3 0-1

[Event "33ème Open International d'Avoine"]
[Site "Avoine"]
[Date "2018.07.21"]
[Round "3.12"]
[White "Real, Thibault"]
[Black "Drogou, Gerard"]
[Result "1-0"]
[WhiteElo "2246"]
[BlackElo "1939"]
[PlyCount "49"]
[EventDate "2018.??.??"]

1. d4 g6 2. e4 Bg7 3. Nc3 d6 4. Be3 a6 5. Qd2 Nd7 6. O-O-O b5 7. h4 h5 8. Kb1
Bb7 9. f3 Rc8 10. Nh3 c5 11. Nf2 b4 12. Ne2 Qa5 13. dxc5 Nxc5 14. Nd3 Na4 15.
Bd4 Nc3+ 16. bxc3 bxc3 17. Qe3 e5 18. Bxc3 Rxc3 19. Nxc3 Qxc3 20. Qb6 Bc8 21.
Qxd6 Ne7 22. Nb2 Nc6 23. Bc4 Nd4 24. Bb3 Be6 25. Ba4+ 1-0

[Event "33ème Open International d'Avoine"]
[Site "Avoine"]
[Date "2018.07.21"]
[Round "3.13"]
[White "Briand, Amaury"]
[Black "Bonnaud, Remy"]
[Result "0-1"]
[WhiteElo "1639"]
[BlackElo "2234"]
[PlyCount "56"]
[EventDate "2018.??.??"]

1. e4 d5 2. exd5 Qxd5 3. Nf3 Nf6 4. d4 c6 5. c4 Qa5+ 6. Bd2 Qd8 7. Bd3 Bg4 8.
Bc3 e6 9. Nbd2 Be7 10. O-O Nbd7 11. Qe2 O-O 12. Ne4 Bf5 13. Nxf6+ Nxf6 14. Bxf5
exf5 15. Qe5 Qd7 16. Nh4 g6 17. d5 cxd5 18. cxd5 Rfe8 19. Rad1 Bd8 20. Qd4 Re4
21. Qc5 Rxh4 22. Bb4 Bb6 23. Qc3 Ne4 24. Qa3 Rf4 25. Be1 Nd6 26. Qc3 Re8 27.
Bd2 Rxf2 28. Kh1 Ne4 0-1

[Event "33ème Open International d'Avoine"]
[Site "Avoine"]
[Date "2018.07.21"]
[Round "3.14"]
[White "Naveilhan, Roland"]
[Black "Daeschler, Florian"]
[Result "0-1"]
[WhiteElo "1606"]
[BlackElo "2228"]
[PlyCount "78"]
[EventDate "2018.??.??"]

1. e4 e5 2. Nf3 Nc6 3. d4 exd4 4. Nxd4 Nf6 5. Nxc6 bxc6 6. Bd3 d5 7. exd5 cxd5
8. Qe2+ Be7 9. O-O O-O 10. c3 Re8 11. Qc2 Bd6 12. h3 Qe7 13. Nd2 c5 14. Nf3 c4
15. Bf5 Ne4 16. Bxc8 Raxc8 17. Be3 Bb8 18. Rad1 Qd6 19. Rd4 Qc6 20. Rfd1 Rcd8
21. Nd2 Be5 22. Nxe4 Bxd4 23. Ng5 Bxe3 24. Qxh7+ Kf8 25. fxe3 Qh6 26. Qf5 Qg6
27. Rxd5 Qxf5 28. Rxf5 f6 29. Rf2 Rxe3 30. Nf3 Rd1+ 31. Kh2 Ra1 32. a3 Ra2 33.
Nd4 Rxc3 34. Re2 Rd3 35. Ne6+ Kg8 36. Nf4 Rb3 37. Re7 Raxb2 38. Ne6 Rb7 39.
Re8+ Kf7 0-1

[Event "33ème Open International d'Avoine"]
[Site "Avoine"]
[Date "2018.07.21"]
[Round "3.15"]
[White "Jordan, Mark A"]
[Black "Navrotescu, Andreea-Cristiana"]
[Result "0-1"]
[WhiteElo "1585"]
[BlackElo "2182"]
[PlyCount "106"]
[EventDate "2018.??.??"]

1. e4 e6 2. Nf3 d5 3. exd5 exd5 4. d4 Nc6 5. c3 Bd6 6. Bd3 Bg4 7. Nbd2 Nge7 8.
Qc2 Qd7 9. O-O O-O-O 10. b4 f6 11. a4 a5 12. bxa5 Nxa5 13. Ba3 Bxa3 14. Rxa3
Bf5 15. Rb1 Bg6 16. c4 dxc4 17. Nxc4 Nxc4 18. Qxc4 Qd5 19. Qc2 Rd6 20. Bxg6
hxg6 21. a5 g5 22. Rc3 Rc6 23. Rc5 g4 24. Ne1 Rxc5 25. Qxc5 Qxc5 26. dxc5 Rh5
27. Rc1 Nc6 28. f3 gxf3 29. Nxf3 Nxa5 30. Rc3 Rd5 31. Kf2 Kd7 32. Ke3 Nc6 33.
h3 Nd8 34. Ke4 c6 35. Nd4 Nf7 36. h4 g6 37. Nf3 Nd8 38. Rd3 Rxd3 39. Kxd3 Ke6
40. Ke4 f5+ 41. Kd4 Kf6 42. Kc4 f4 43. Kd4 Kf5 44. Ng5 Kg4 45. Ke5 Kxh4 46.
Kxf4 Kh5 47. g3 Kh6 48. g4 Kg7 49. Ke5 Nf7+ 50. Nxf7 Kxf7 51. Kd6 Kf6 52. Kc7
Ke5 53. Kxb7 Kd5 0-1

[Event "33ème Open International d'Avoine"]
[Site "Avoine"]
[Date "2018.07.21"]
[Round "3.16"]
[White "Vallet, Marc"]
[Black "Courjal, Pauline"]
[Result "1-0"]
[WhiteElo "2182"]
[BlackElo "1530"]
[PlyCount "113"]
[EventDate "2018.??.??"]

1. d4 d5 2. c4 e6 3. Nc3 c6 4. e4 Nf6 5. e5 Nfd7 6. Nf3 f6 7. Bd3 Be7 8. Qc2 f5
9. h4 dxc4 10. Bxc4 Nb6 11. Bd3 Nd5 12. a3 Qa5 13. Rb1 Qd8 14. g4 Nxc3 15. bxc3
Qd5 16. Rh3 fxg4 17. Be4 Qd7 18. Rg3 gxf3 19. Rxg7 h6 20. Bh7 c5 21. Bxh6 cxd4
22. Bg5 Nc6 23. Be4 d3 24. Qa4 d2+ 25. Kd1 Kf8 26. Bxc6 Qd3 27. Bxe7+ Kxg7 28.
Bf6+ Kf7 29. Qb5 Qe2+ 30. Qxe2 fxe2+ 31. Kxd2 Rh5 32. Be4 Rb8 33. Rg1 Rh6 34.
Kxe2 Ke8 35. Rg8+ Kf7 36. Rg7+ Ke8 37. h5 Kf8 38. Bg6 b6 39. Rxa7 Bb7 40. Ke3
Bc6 41. Bg7+ Kg8 42. Bxh6 Ra8 43. Rxa8+ Bxa8 44. Kf4 b5 45. Kg5 b4 46. axb4 Bd5
47. b5 Kh8 48. b6 Kg8 49. c4 Bb7 50. Kf6 Bc8 51. Ke7 Kh8 52. c5 Bb7 53. Kd7 Bd5
54. c6 Bxc6+ 55. Kxc6 Kg8 56. b7 Kh8 57. b8=Q# 1-0

[Event "33ème Open International d'Avoine"]
[Site "Avoine"]
[Date "2018.07.21"]
[Round "3.17"]
[White "Vidal, Etienne"]
[Black "Mevel, Alberic"]
[Result "0-1"]
[WhiteElo "1529"]
[BlackElo "2169"]
[PlyCount "32"]
[EventDate "2018.??.??"]

1. d4 Nf6 2. Bg5 Ne4 3. h4 d5 4. e3 c5 5. c3 Nc6 6. Nd2 Nxg5 7. hxg5 e5 8. dxe5
Nxe5 9. Ndf3 Nc6 10. Bb5 Qb6 11. Qa4 Bd7 12. O-O-O a6 13. c4 dxc4 14. Bxc4
O-O-O 15. Bxf7 g6 16. Ne2 Nd4 0-1

[Event "33ème Open International d'Avoine"]
[Site "Avoine"]
[Date "2018.07.21"]
[Round "3.18"]
[White "Gely, Yann"]
[Black "Navrotescu, Vlad-Andrei"]
[Result "1/2-1/2"]
[WhiteElo "2162"]
[BlackElo "1516"]
[PlyCount "126"]
[EventDate "2018.??.??"]

1. e4 c5 2. Nf3 e6 3. Qe2 Nc6 4. g3 g6 5. Bg2 Bg7 6. c3 Nge7 7. O-O O-O 8. d3
d5 9. a3 b6 10. Nbd2 Ba6 11. Rd1 Qc7 12. Rb1 Rad8 13. b4 cxb4 14. axb4 dxe4 15.
Nxe4 Bb7 16. Bb2 h6 17. b5 Ne5 18. c4 Nxf3+ 19. Qxf3 Bxb2 20. Rxb2 Bxe4 21.
Qxe4 Nf5 22. Ra2 Rd4 23. Qc6 Qe7 24. Rda1 Rd7 25. Qe4 Rc8 26. Ra3 Nd4 27. R1a2
Kg7 28. Ra4 Rc5 29. Qe1 f6 30. h4 h5 31. Kh2 Kh8 32. Qh1 Kg7 33. Bc6 Nxc6 34.
bxc6 Rc7 35. Qe4 R5xc6 36. Rxa7 Rxa7 37. Rxa7 Qxa7 38. Qxc6 Kf7 39. d4 Qa2 40.
Kg2 Qe2 41. d5 Qe4+ 42. Kh2 exd5 43. cxd5 Qf5 44. Kg2 Qe4+ 45. Kg1 Qe1+ 46. Kg2
Qe4+ 47. Kh2 Qf5 48. Qb7+ Kg8 49. Qxb6 Qxd5 50. Qxf6 Kh7 51. Qg5 Qe6 52. Qe3
Qd7 53. Kg2 Qb7+ 54. Qf3 Qd7 55. Qe4 Qf7 56. Kf1 Qd7 57. Kg2 Qf7 58. g4 hxg4
59. Qxg4 Qd5+ 60. f3 Qd2+ 61. Kh3 Qd1 62. Kg3 Qg1+ 63. Kf4 Qd4+ 1/2-1/2

[Event "33ème Open International d'Avoine"]
[Site "Avoine"]
[Date "2018.07.21"]
[Round "3.19"]
[White "Midy, Robin"]
[Black "Ponthieux, Franck"]
[Result "1-0"]
[WhiteElo "2148"]
[BlackElo "1489"]
[PlyCount "87"]
[EventDate "2018.??.??"]

1. d4 Nf6 2. Bg5 Ne4 3. Bf4 c5 4. d5 d6 5. Nd2 Bf5 6. Nxe4 Bxe4 7. f3 Bg6 8. e4
e5 9. dxe6 fxe6 10. Qd2 Be7 11. Bc4 e5 12. Be3 Bf7 13. Bxf7+ Kxf7 14. Qd5+ Kf8
15. Ne2 Nc6 16. c3 Qe8 17. O-O Qf7 18. f4 Qxd5 19. exd5 Na5 20. fxe5+ Ke8 21.
exd6 Bxd6 22. Rae1 b6 23. Bc1 Rf8 24. Nf4+ Kd7 25. Ne6 Rxf1+ 26. Rxf1 Re8 27.
b3 g6 28. c4 Rxe6 29. dxe6+ Kxe6 30. Bf4 Bxf4 31. Rxf4 Nc6 32. Rf8 Nb4 33. Ra8
Nxa2 34. Rxa7 Nc1 35. Rb7 Ke5 36. Rxb6 Kd4 37. b4 Kxc4 38. bxc5 Kxc5 39. Rb7
Ne2+ 40. Kf2 Nf4 41. Rxh7 Kd5 42. Kf3 Ne6 43. Rh6 g5 44. Kg4 1-0

[Event "33ème Open International d'Avoine"]
[Site "Avoine"]
[Date "2018.07.21"]
[Round "3.20"]
[White "Gourio, Benjamin"]
[Black "Djidjeli, Sofiane"]
[Result "0-1"]
[WhiteElo "1524"]
[BlackElo "2130"]
[PlyCount "74"]
[EventDate "2018.??.??"]

1. e4 d6 2. d4 Nf6 3. Nc3 Nbd7 4. Nf3 e5 5. dxe5 dxe5 6. Bg5 Be7 7. Bc4 c6 8.
O-O O-O 9. Qe2 Qc7 10. Rfd1 b5 11. Bd3 Nc5 12. Rac1 Bg4 13. Nb1 Ne6 14. Be3 Nh5
15. Nbd2 Rad8 16. Qf1 Nhf4 17. Bxf4 Nxf4 18. Be2 Rd6 19. c4 b4 20. h3 Bxf3 21.
Nxf3 Rg6 22. g3 f5 23. exf5 Rxf5 24. Bd3 Nxd3 25. Qxd3 Rgf6 26. Nd2 Rxf2 27.
Ne4 R6f3 28. Qd7 Qxd7 29. Rxd7 Re2 30. Rxe7 Rxe4 31. Rd1 h5 32. Rdd7 Rxg3+ 33.
Kf2 h4 34. c5 Rc4 35. Rxe5 Rc2+ 36. Re2 Rxc5 37. Rxa7 Rf5+ 0-1

[Event "33ème Open International d'Avoine"]
[Site "Avoine"]
[Date "2018.07.21"]
[Round "3.21"]
[White "Ollier, Pablo"]
[Black "Reuillon, Hadrien"]
[Result "1-0"]
[WhiteElo "2398"]
[BlackElo "1443"]
[PlyCount "71"]
[EventDate "2018.??.??"]

1. d4 Nf6 2. c4 g6 3. Nc3 Bg7 4. e4 d6 5. Nf3 O-O 6. Be2 e5 7. dxe5 dxe5 8.
Qxd8 Rxd8 9. Nd5 Nxd5 10. cxd5 c6 11. Bc4 b5 12. Bb3 Bb7 13. Bg5 Re8 14. Rc1 a5
15. a4 b4 16. O-O cxd5 17. Rc7 Bc6 18. exd5 Bd7 19. Nd2 h6 20. Be3 Rd8 21. Rfc1
Na6 22. Rb7 Bc8 23. Rb5 Nb8 24. Bb6 Re8 25. Rxa5 Rxa5 26. Bxa5 e4 27. Nc4 Ba6
28. Bxb4 Bxc4 29. Bxc4 Bxb2 30. Rb1 Be5 31. a5 Nd7 32. Bb5 Rd8 33. a6 Bd4 34.
Rd1 Bc5 35. Bxc5 Nxc5 36. a7 1-0

[Event "33ème Open International d'Avoine"]
[Site "Avoine"]
[Date "2018.07.21"]
[Round "3.22"]
[White "Deslandes, Pascal"]
[Black "De La Fontaine, Christophe"]
[Result "1-0"]
[WhiteElo "2362"]
[BlackElo "1989"]
[PlyCount "63"]
[EventDate "2018.??.??"]

1. e4 {[%emt 0:00:13]} d6 {[%emt 0:01:07]} 2. d4 {[%emt 0:00:17]} Nf6 {
[%emt 0:00:04]} 3. Nc3 {[%emt 0:00:13]} Nbd7 {[%emt 0:00:05]} 4. Nf3 {
[%emt 0:01:14]} e5 {[%emt 0:00:04]} 5. Bc4 {[%emt 0:00:50]} Be7 {[%emt 0:00:05]
} 6. O-O {[%emt 0:01:03]} O-O {[%emt 0:00:07]} 7. Re1 {[%emt 0:01:34]} c6 {
[%emt 0:00:11]} 8. a4 {[%emt 0:01:55]} Qc7 {[%emt 0:00:10]} 9. h3 {
[%emt 0:01:27]} exd4 {[%emt 0:03:42]} 10. Nxd4 {[%emt 0:01:43]} Ne5 {
[%emt 0:00:09]} 11. Bf1 {[%emt 0:01:54]} Ng6 {[%emt 0:05:20]} 12. Be3 {
[%emt 0:03:09]} Re8 {[%emt 0:04:42]} 13. g3 {[%emt 0:07:46]} h6 {[%emt 0:12:14]
} 14. Bg2 {[%emt 0:00:51]} a5 {[%emt 0:01:21]} 15. f4 {[%emt 0:04:36]} Bd7 {
[%emt 0:08:29]} 16. Qd3 {[%emt 0:09:42]} Rad8 {[%emt 0:01:32]} 17. Rad1 {
[%emt 0:08:00]} Bc8 {[%emt 0:04:25]} 18. Qc4 {[%emt 0:03:46]} Qb8 {
[%emt 0:04:06]} 19. Qb3 {[%emt 0:16:27]} Nd7 {[%emt 0:12:29]} 20. Nf5 {
[%emt 0:01:03]} Bf8 {[%emt 0:02:54]} 21. Qc4 {[%emt 0:06:51]} Nf6 {
[%emt 0:25:40]} 22. Bb6 {[%emt 0:05:42]} Bxf5 {[%emt 0:04:25]} 23. exf5 {
[%emt 0:00:13]} d5 {[%emt 0:01:01]} 24. Qd4 {[%emt 0:05:52]} Ne7 {
[%emt 0:10:51]} 25. Bxd8 {[%emt 0:00:59]} Rxd8 {[%emt 0:01:21]} 26. g4 {
[%emt 0:03:48]} Nc8 {[%emt 0:00:36]} 27. Re5 {[%emt 0:14:54]} Nd7 {
[%emt 0:01:18]} 28. Nxd5 {[%emt 0:01:22]} Bc5 {[%emt 0:04:24]} 29. Qxc5 {
[%emt 0:00:22]} Nxc5 {[%emt 0:00:10]} 30. Nf6+ {[%emt 0:00:09]} gxf6 {
[%emt 0:00:29]} 31. Rxd8+ {[%emt 0:00:06]} Kg7 {[%emt 0:02:23]} 32. Ree8 1-0

[Event "33ème Open International d'Avoine"]
[Site "Avoine"]
[Date "2018.07.21"]
[Round "3.23"]
[White "Dreux, Vincent"]
[Black "Travadon, Loic"]
[Result "0-1"]
[WhiteElo "1995"]
[BlackElo "2344"]
[PlyCount "65"]
[EventDate "2018.??.??"]

1. c4 e5 2. Nc3 Nf6 3. Nf3 Nc6 4. g3 d5 5. cxd5 Nxd5 6. Bg2 Nb6 7. O-O Be7 8.
b3 O-O 9. Bb2 Re8 10. d3 Bf8 11. Rc1 Nd4 12. Nxd4 exd4 13. Nb5 c5 14. b4 a6 15.
bxc5 axb5 16. cxb6 Qxb6 17. Ra1 Bg4 18. f3 Be6 19. a3 Ra4 20. f4 Bg4 21. Bf3
Bxf3 22. Rxf3 Qe6 23. Kf2 Rea8 24. f5 Qd5 25. Qc1 b6 26. f6 g6 27. g4 Re8 28.
h3 Qe5 29. Qd2 Qh2+ 30. Kf1 Qe5 31. Kf2 b4 32. axb4 Qh2+ 33. Kf1 0-1

[Event "33ème Open International d'Avoine"]
[Site "Avoine"]
[Date "2018.07.21"]
[Round "3.24"]
[White "Eugene, Floryan"]
[Black "Mathieu, Phileas"]
[Result "0-1"]
[WhiteElo "2332"]
[BlackElo "1935"]
[PlyCount "54"]
[EventDate "2018.??.??"]

1. e4 c5 2. Nf3 Nc6 3. Bb5 d6 4. Bxc6+ bxc6 5. O-O e5 6. c3 Nf6 7. Re1 Bg4 8.
h3 Bxf3 9. Qxf3 Be7 10. d3 O-O 11. Na3 Rb8 12. Nc4 Ne8 13. Be3 Nc7 14. Rab1 Qc8
15. b4 cxb4 16. cxb4 Qa6 17. Qg4 Ne6 18. Rb3 d5 19. Nxe5 Qxa2 20. Reb1 Rxb4 21.
Rxb4 Bxb4 22. Rc1 d4 23. Bh6 Kh8 24. Rc4 Bd6 25. f4 Nxf4 26. Qxf4 Qb1+ 27. Kh2
Qb8 0-1

[Event "33ème Open International d'Avoine"]
[Site "Avoine"]
[Date "2018.07.21"]
[Round "3.25"]
[White "Radovanovic, Luka"]
[Black "Shirazi, Kamran"]
[Result "0-1"]
[WhiteElo "1980"]
[BlackElo "2330"]
[PlyCount "118"]
[EventDate "2018.??.??"]

1. d4 d5 2. Nf3 Nf6 3. c4 c6 4. Nbd2 g6 5. g3 Bg7 6. Bg2 O-O 7. O-O Na6 8. b3
b6 9. Bb2 Bb7 10. Rc1 c5 11. Re1 e6 12. Ne5 Qe7 13. cxd5 Nxd5 14. Ndc4 Rfd8 15.
e3 cxd4 16. exd4 Ndb4 17. a3 Bxg2 18. Kxg2 Qb7+ 19. Kg1 Nd5 20. Qe2 Rac8 21.
Nd2 Rxc1 22. Rxc1 Rc8 23. Rc4 Rxc4 24. bxc4 Nf6 25. Qf3 Qxf3 26. Ndxf3 Ne4 27.
Nc6 Nd6 28. Nd2 Nc8 29. a4 Kf8 30. Kf1 Ke8 31. Ba3 f6 32. Nb4 Nxb4 33. Bxb4 f5
34. Nf3 h6 35. h4 Kd7 36. Ke2 g5 37. hxg5 hxg5 38. Kd3 Bf6 39. Nd2 a5 40. Ba3
Na7 41. d5 g4 42. Nb3 exd5 43. cxd5 b5 44. Nxa5 bxa4 45. Kc4 Be7 46. Bxe7 Kxe7
47. Kd4 a3 48. Ke5 a2 49. Nb3 Nb5 50. Na1 Nd6 51. Nc2 Ne4 52. Kxf5 Nxf2 53. Ke5
Nd3+ 54. Ke4 Nb4 55. Na1 Kd6 56. Kf5 Kxd5 57. Kxg4 Kd4 58. Kf5 Nd5 59. Ke6 Ne3
0-1

[Event "33ème Open International d'Avoine"]
[Site "Avoine"]
[Date "2018.07.21"]
[Round "3.26"]
[White "Viel, Simon"]
[Black "Troubat, Alexandre"]
[Result "1-0"]
[WhiteElo "2316"]
[BlackElo "1843"]
[PlyCount "65"]
[EventDate "2018.??.??"]

1. e4 c5 2. Nf3 d6 3. d4 cxd4 4. Nxd4 Nf6 5. Nc3 g6 6. Be3 Bg7 7. f3 O-O 8. Qd2
Nc6 9. Bc4 Nxd4 10. Bxd4 Be6 11. Bb3 Qa5 12. O-O-O b5 13. Kb1 Rfc8 14. h4 b4
15. Ne2 Bc4 16. Bxc4 Rxc4 17. h5 Rac8 18. hxg6 hxg6 19. c3 Rb8 20. Ka1 b3 21.
a3 Ra4 22. Kb1 Rb5 23. g4 e5 24. Be3 d5 25. Bh6 Bf8 26. Bxf8 Kxf8 27. Rh8+ Ke7
28. g5 Nxe4 29. fxe4 Rxe4 30. Ng3 Rf4 31. Re1 Kd6 32. Rxe5 Rg4 33. Qf2 1-0